The Maoists in India: (Record no. 88751)

MARC details
000 -LEADER
fixed length control field 01141nam a2200301Ia 4500
005 - DATE AND TIME OF LATEST TRANSACTION
control field 20241023163003.0
010 ## - LCCN (DPL NO)
LC control number BAC-EN21 ENG-112043 ENG-136190 ENG-142295
020 ## - INTERNATIONAL STANDARD BOOK NUMBER
International Standard Book Number 9789381506264
Terms of availability 350.00
035 ## - SYSTEM CONTROL NUMBER
System control number EN-95575
035 ## - SYSTEM CONTROL NUMBER
System control number EN-125827
035 ## - SYSTEM CONTROL NUMBER
System control number B-580983-996
035 ## - SYSTEM CONTROL NUMBER
System control number B-667349
035 ## - SYSTEM CONTROL NUMBER
System control number EN-119722
037 ## - SOURCE OF ACQUISITION
Source of stock number/acquisition Aakar/Ven
Stock number dpl
037 ## - SOURCE OF ACQUISITION
Source of stock number/acquisition DBAD/PUB
082 ## - DEWEY DECIMAL CLASSIFICATION NUMBER
Classification number 322.420954
100 ## - MAIN ENTRY--PERSONAL NAME
Personal name Mukherji, Nirmalangshu
245 ## - TITLE STATEMENT
Title The Maoists in India:
Remainder of title Tribals Under Siege /
Statement of responsibility, etc by Nirmalangshu Mukherji
260 ## - PUBLICATION, DISTRIBUTION, ETC. (IMPRINT)
Date of publication, distribution, etc 2013
Place of publication, distribution, etc New Delhi
Name of publisher, distributor, etc Amaryllis
270 ## - ADDRESS
Address 7/32, Ansari Road, Daryaganj
City New Delhi
Postal code 110002
300 ## - PHYSICAL DESCRIPTION
Dimensions 22cm(pbk)
Extent 279p. :
Other physical details maps
500 ## - GENERAL NOTE
General note Includes bibliographical references and index
650 ## - SUBJECT ADDED ENTRY--TOPICAL TERM
Topical term or geographic name as entry element Communism
Geographic subdivision India.
650 ## - SUBJECT ADDED ENTRY--TOPICAL TERM
Topical term or geographic name as entry element Protest movements
Geographic subdivision India.
942 ## - ADDED ENTRY ELEMENTS (KOHA)
Item type English Books
Source of classification or shelving scheme Dewey Decimal Classification
Call number suffix MUK
Classification part 322.420954
Holdings
Withdrawn status Lost status Not for loan Collection code Home library Current library Date acquired Source of acquisition Cost, normal purchase price Full call number Barcode Copy number Cost, replacement price Koha item type
      Non-fiction Andrews Gunj Andrews Gunj 02/07/2015 Aakar Books/1-1441/23.12.2014/167/08.12.2014/30.12.2014 350.00 322.420954 MUK B-580990 1 350.00 English Books
      Non-fiction Ashok Vihar Ashok Vihar 28/07/2017 BPPD/EN/2014-15/AV/16-17/412/15.2.2017/I-3324/01.03.2017/ 17.3.2017 350.00 322.420954 MUK B-667349 1 350.00 English Books
      Non-fiction Ashok Vihar Ashok Vihar 23/10/2024 Delivery of Books Act Division 350.00 MUK 322.420954 EN-125827 1 350.00 English Books
      Non-fiction Bawana Bawana 02/07/2015 Aakar Books/1-1441/23.12.2014/167/08.12.2014/30.12.2014 350.00 322.420954 MUK B-580994 1 350.00 English Books
      Non-fiction Bawana Bawana 02/07/2015 Aakar Books/1-1441/23.12.2014/167/08.12.2014/30.12.2014 350.00 322.420954 MUK B-580996 1 350.00 English Books
      Non-fiction Central Jail Tihar Central Jail Tihar 13/02/2023 DBAD/PUB 350.00 322.420954 MUK EN-119722 1 350.00 English Books
  Lost and Paid For   Non-fiction Central Library Central Library 02/07/2015 Aakar Books/1-1441/23.12.2014/167/08.12.2014/30.12.2014 350.00 322.420954 MUK B-580983 1 350.00 English Books
    Not For Loan Non-fiction D.B.Act.Division D.B.Act.Division 30/01/2015 DBAD/PUB 350.00 322.420954 MUK EN-95575 1 350.00 English Books
      Non-fiction Janak Puri Janak Puri 02/07/2015 Aakar Books/1-1441/23.12.2014/167/08.12.2014/30.12.2014 350.00 322.420954 MUK B-580988 1 350.00 English Books
      Non-fiction Kasturba Gandhi Marg Kasturba Gandhi Marg 02/07/2015 Aakar Books/1-1441/23.12.2014/167/08.12.2014/30.12.2014 350.00 322.420954 MUK B-580985 1 350.00 English Books
      Non-fiction Narela Narela 02/07/2015 Aakar Books/1-1441/23.12.2014/167/08.12.2014/30.12.2014 350.00 322.420954 MUK B-580995 1 350.00 English Books
      Non-fiction Patel Nagar Patel Nagar 02/07/2015 Aakar Books/1-1441/23.12.2014/167/08.12.2014/30.12.2014 350.00 322.420954 MUK B-580984 1 350.00 English Books
      Non-fiction Peshwa Road Peshwa Road 02/07/2015 Aakar Books/1-1441/23.12.2014/167/08.12.2014/30.12.2014 350.00 322.420954 MUK B-580986 1 350.00 English Books
      Non-fiction Qila Rai Pithora Qila Rai Pithora 02/07/2015 Aakar Books/1-1441/23.12.2014/167/08.12.2014/30.12.2014 350.00 322.420954 MUK B-580992 1 350.00 English Books
      Non-fiction Sarojini Nagar Sarojini Nagar 02/07/2015 Aakar Books/1-1441/23.12.2014/167/08.12.2014/30.12.2014 350.00 322.420954 MUK B-580987 1 350.00 English Books
      Non-fiction Sarojini Nagar Sarojini Nagar 02/07/2015 Aakar Books/1-1441/23.12.2014/167/08.12.2014/30.12.2014 350.00 322.420954 MUK B-580989 1 350.00 English Books
      Non-fiction Sarojini Nagar Sarojini Nagar 02/07/2015 Aakar Books/1-1441/23.12.2014/167/08.12.2014/30.12.2014 350.00 322.420954 MUK B-580991 1 350.00 English Books
      Non-fiction Vinoba Puri Vinoba Puri 02/07/2015 Aakar Books/1-1441/23.12.2014/167/08.12.2014/30.12.2014 350.00 322.420954 MUK B-580993 1 350.00 English Books

© Delhi Public Library
Hit Counter
free hit counter